Nazionali con più sconfitte agli Europei - Statistics

Statistiche generali
  • Questo quiz è stato fatto 11 volte
    9 dall'ultimo reset
  • Il punteggio medio è 12 su 14
Statistiche sulle risposte
Sconfitte Nazionale % Corretto
14 Germania / Germania Ovest
100%
11 Portogallo
100%
16 Russia / Unione Sovietica
100%
10 Serbia / Jugoslavia
100%
11 Belgio
89%
11 Inghilterra
89%
13 Paesi Bassi
89%
12 Romania
89%
10 Spagna
89%
10 Svezia
89%
18 Danimarca
78%
11 Francia
78%
14 Turchia
78%
17 Repubblica Ceca / Cecoslovacchia
67%
Nessun quiz corrispondente trovato
Distribuzione punteggi
Percentuale di utenti per punteggio
Percentile per numero di risposta
I tuoi punteggi nel tempo
Non hai fatto questo quiz dall'ultimo reset